Normal view
MARC view
Entry Personal Name
001 - CONTROL NUMBER
- control field: 15435
003 - CONTROL NUMBER IDENTIFIER
- control field: ARRUPE
005 - DATE AND TIME OF LATEST TRANSACTION
- control field: 20150219144526.0
008 - FIXED-LENGTH DATA ELEMENTS
- fixed length control field: 150219|| aca||aabn | a|a d
040 ## - CATALOGING SOURCE
- Original cataloging agency: ARRUPE
- Transcribing agency: ARRUPE
100 ## - HEADING--PERSONAL NAME
- Personal name: Fang, Joong
670 ## - SOURCE DATA FOUND
- Source citation: Work cat.: (ARRUPE): Fang, Joong, Mathematicians, 1972